Подробности
| 000 -МАРКЕР |
| контрольное поле |
07097ncm0a2200493 4500 |
| 001 - ИДЕНТИФИКАТОР ЗАПИСИ |
| контрольное поле |
RU\NLR\ONIZ\218644 |
| 005 - ИДЕНТИФИКАТОР ВЕРСИИ |
| контрольное поле |
20250626062640.0 |
| 035 ## - ДРУГИЕ СИСТЕМНЫЕ НОМЕРА |
| Идентификатор записи |
(NLR Aleph) 011415135 |
| 071 20 - ИЗДАТЕЛЬСКИЙ НОМЕР |
| Номер, присвоенный агентством |
с 3986 к |
| 100 ## - ДАННЫЕ ОБЩЕЙ ОБРАБОТКИ |
| Данные общей обработки |
20170606d2005 |||y0rusy50 ca |
| 101 0# - ЯЗЫК РЕСУРСА |
| Язык текста, звукозаписи и т.д. |
английский |
| -- |
русский |
| 102 ## - СТРАНА ПУБЛИКАЦИИ ИЛИ ПРОИЗВОДСТВА |
| Страна публикации |
Российская Федерация |
| 125 ## - ПОЛЕ КОДИРОВАННЫХ ДАННЫХ: ЗВУКОЗАПИСИ И НОТНЫЕ ИЗДАНИЯ |
| Форма изложения нотного текста |
xb |
| 145 0# - ПОЛЕ КОДИРОВАННЫХ ДАННЫХ: СРЕДСТВО ИСПОЛНЕНИЯ МУЗЫКАЛЬНОГО ПРОИЗВЕДЕНИЯ (УСТАРЕВШЕЕ) |
| Тип средства исполнения |
b |
| 200 1# - ЗАГЛАВИЕ И СВЕДЕНИЯ ОБ ОТВЕТСТВЕННОСТИ |
| Основное заглавие |
Классические пьесы для скрипки и фортепиано |
| Общее обозначение материала |
Ноты |
| Параллельное заглавие |
Classical pieces for violin and piano |
| Язык параллельного заглавия |
английский |
| Первые сведения об ответственности |
ред.-сост. С. Л. Гринберг |
| Последующие сведения об ответственности |
ред. партии скрипки С. М. Шальман |
| 208 ## - ОБЛАСТЬ СПЕЦИФИЧЕСКИХ СВЕДЕНИЙ: НОТНЫЕ ИЗДАНИЯ |
| Форма изложения нотного текста |
Клавир и партия |
| 210 ## - ПУБЛИКАЦИЯ, РАСПРОСТРАНЕНИЕ И ДР. |
| Место издания, распространения и т.д. |
Санкт-Петербург |
| Имя издателя, распространителя и т. д. |
Композитор-Санкт-Петербург |
| Дата издания, распространения и т.д. |
2005 |
| 215 ## - ФИЗИЧЕСКАЯ ХАРАКТЕРИСТИКА |
| Специфическое обозначение материала и объем |
51 с., 1 парт. (32 с.) |
| Размеры |
30 см |
| 225 1# - СЕРИЯ |
| Основное заглавие серии |
Золотой репертуар скрипача |
| 300 ## - ОБЩИЕ ПРИМЕЧАНИЯ |
| Текст примечания |
На обл.: Транскрипции знаменитых скрипачей |
| 313 ## - ПРИМЕЧАНИЯ, ОТНОСЯЩИЕСЯ К ТЕМАТИЧЕСКОМУ ДОСТУПУ |
| Текст примечания |
Систематизация документа проведена по изданию - Методика классифицирования музыкальных произведений (нотных изданий) по таблицам Библиотечно-библиографических классификаций : метод. рекомендации / Гос. б-ка СССР им. В.И. Ленина.- М., 1977. Индексу ББК методических рекомендаций присваивается код ББК для научных библиотек - LBC/SL |
| 327 1# - ПРИМЕЧАНИЯ О СОДЕРЖАНИИ |
| Текст примечания |
1. Фолиа : вариации на народную танцевальную тему / А. Корелли ; транскр. Ю. Леонара. |
| -- |
2. Ариозо из кантаты № 156 / И. С. Бах ; транскр. Е. Хубаи. |
| -- |
3. Рондо : [из Хаффнер-серенады KV 240b=250] / В. А. Моцарт ; транскр. Ф. Крейслера. |
| -- |
4. Литовская песня / Ф. Шопен ; транскр. Л. Ауэра. |
| -- |
5. Два венгерских танца : № 8, № 16 / И. Брамс ; транскр. И. Иоахима. |
| -- |
6. Серенада : А. Бородин / транскр. Я. Хейфеца. |
| -- |
7. Andante cantabile / П. И. Чайковский ; транскр. Ф. Лауба |
| 464 #0 - АНАЛИТИЧЕСКИЙ УРОВЕНЬ |
| Встроенное поле |
2001#$aФолиа$eвариации на народную танцевальную тему$fА. Корелли$gтранскр. Ю. Леонара |
| -- |
215##$aС.3-12, парт. (с. 2-9) |
| -- |
700#1$9z01790$aКорелли$bА.$gАрканджело$f1653-1713$4230$7ca |
| -- |
702#1$9z02790$aЛеонар$bЮ.$gЮбер$f1819-1980$4030$7ca |
| -- |
790#1$9z01700$aCorelli$bA.$gArcangelo$f1653-1713$4230$7ba |
| -- |
790#1$9z02702$aLéonard$bH.$gHubert$4030$7ba |
| Заглавие |
Фолиа |
| Автор |
Корелли, Арканджело (1653-1713) |
| 464 #0 - АНАЛИТИЧЕСКИЙ УРОВЕНЬ |
| Встроенное поле |
2001#$aАриозо из кантаты № 156$fИ. С. Бах$gтранскр. Е. Хубаи |
| -- |
215##$aС.13-14, парт. (с. 10-11) |
| -- |
50000$aКантата № 156$iАриозо$bНоты$sтранскр.$rскрипка$rфортепиано |
| -- |
700#1$9z01790$aБах$bИ. С.$gИоганн Себастьян$f1685-1750$4230$7ca |
| -- |
702#1$9z02790$aХубаи$bЕ.$gЕнё$f1858-1937$4030$7ca |
| -- |
790#1$9z01700$aBach$bJ. S.$gJohann Sebastian$f1685-1750$4230$7ba |
| -- |
790#1$9z02702$aHubay$bJ. von S.$gJenő von Szalatna$f1858-1937$4030$7ba |
| Заглавие |
Ариозо из кантаты № 156 |
| Автор |
Бах, Иоганн Себастьян (1685-1750) |
| 464 #0 - АНАЛИТИЧЕСКИЙ УРОВЕНЬ |
| Встроенное поле |
2001#$aРондо$e[из Хаффнер-серенады KV 240b=250]$fВ. А. Моцарт$gтранскр. Ф. Крейслера |
| -- |
215##$aС.15-28, парт. (с. 11-20) |
| -- |
50000$aХаффнер-серенада KV 240b=250$iРондо$bНоты$wтранскр.$rскрипка$rфортепиано |
| -- |
700#1$9z01790$aМоцарт$bВ. А.$gВольфганг Амадей$f1756-1791$4230$7ca |
| -- |
702#1$9z02790$aКрейслер$bФ.$gФриц$f1875-1962$4030$7ca |
| -- |
790#1$9z01700$aMozart$bW. A.$gWolfgang Amadeus$f1756-1791$4230 |
| -- |
790#1$9z02702$aKreisler$bF.$gFritz$f1875-1962$4030$7ba |
| Заглавие |
Рондо |
| Автор |
Моцарт, Вольфганг Амадей (1756-1791) |
| 464 #0 - АНАЛИТИЧЕСКИЙ УРОВЕНЬ |
| Встроенное поле |
2001#$aЛитовская песня$fФ. Шопен$gтранскр. Л. Ауэра |
| -- |
215##$aС.29-32, парт. (с. 20-23) |
| -- |
700#1$9z01790$aШопен$bФ. (Ф.)$gФредерик (Францишек)$f1810-1849$4230$7ca |
| -- |
702#1$9z02790$aАуэр$bЛ. С.$gЛеопольд Семёнович$f1845-1930$4030$7ca |
| -- |
790#1$9z01700$aChopin$bF. (F.)$gFrédéric (François)$f1810-1849$4230$7ba |
| -- |
790#1$9z02702$aAuêr$bL. S.$gLeopol`d Semenovič$f1845-1930$4030$7ba |
| Заглавие |
Литовская песня |
| Автор |
Шопен, Фредерик (Францишек) (1810-1849) |
| 464 #0 - АНАЛИТИЧЕСКИЙ УРОВЕНЬ |
| Встроенное поле |
2001#$aДва венгерских танца$e№ 8, № 16$fИ. Брамс$gтранскр. И. Иоахима |
| -- |
215##$aС.33-42, парт. (с. 23-28) |
| -- |
50000$aВенгерские танцы (2)$i№ 16$i№ 8$wтранскр.$rскрипка$rфортепиано |
| -- |
700#1$9z01790$aБрамс$bИ.$gИоганнес$f1833-1897$4230$7ca |
| -- |
702#1$9z02790$aЙоахим$bЙ.$gЙозеф$f1831-1907$4030$7ca |
| -- |
790#1$9z01700$aBrahms$bJ.$gJohannes$f1833-1897$4230$7ba |
| -- |
790#1$9z02702$aJoachim$bJ.$gJoseph$ccomposer, violinist$f1831-1907$4030$7ba |
| Заглавие |
Два венгерских танца |
| Автор |
Брамс, Иоганнес (1833-1897) |
| 464 #0 - АНАЛИТИЧЕСКИЙ УРОВЕНЬ |
| Встроенное поле |
2001#$aСеренада$eА. Бородин$fтранскр. Я. Хейфеца |
| -- |
215##$aС.43-45, парт. (с. 28-29) |
| -- |
700#1$9z01790$aБородин$bА. П.$gАлександр Порфирьевич$f1833-1887$4230$7ca |
| -- |
702#1$9z02790$aХейфец$bЯ.$gЯша$f1901-1987$4030$7ca |
| -- |
790#1$9z01700$aBorodin$bA. P.$gAleksandr Porfir`evič$f1833-1887$4230$7ba |
| -- |
790#1$9z02702$aHeifetz$bY.$gYascha$f1901-1987$4030$7ba |
| Заглавие |
Серенада |
| Автор |
Бородин, Александр Порфирьевич (1833-1887) |
| 464 #0 - АНАЛИТИЧЕСКИЙ УРОВЕНЬ |
| Встроенное поле |
2001#$aAndante cantabile$fП. И. Чайковский$gтранскр. Ф. Лауба |
| -- |
215##$aС.46-51, парт. (с. 30-32) |
| -- |
700#1$9z01790$aЧайковский$bП. И.$gПетр Ильич$f1840-1893$4230$7ca |
| -- |
702#1$9z02790$aЛауб$bФ.$gФердинанд$f1832-1875$4030$7ca |
| -- |
790#1$9z01700$aTchaikovsky$bP. I.$gPeter Ilyich$f1840-1893$4230$7ba |
| -- |
790#1$9z02702$aLaub$bF.$gFerdinand$f1832-1875$4030 |
| Заглавие |
Andante cantabile |
| Автор |
Чайковский, Петр Ильич (1840-1893) |
| 606 1# - НАИМЕНОВАНИЕ ТЕМЫ КАК ПРЕДМЕТ |
| Наименование темы |
Транскрипции для скрипки и фортепиано |
| Формальный подзаголовок |
Ноты |
| Код системы |
nlr_sh |
| 686 ## - ИНДЕКСЫ ДРУГИХ КЛАССИФИКАЦИЙ |
| Индекс |
Щ955.4-42-09я43 |
| Издание |
LBC/SL |
| Код системы |
|
| 700 #1 - ИМЯ ЛИЦА - ПЕРВИЧНАЯ ОТВЕТСТВЕННОСТЬ |
| Системный номер авторитетной/нормативной записи |
z05790 |
| Начальный элемент ввода |
Гринберг |
| Часть имени, кроме начального элемента ввода |
С. Л. |
| Дополнения к именам, кроме дат |
ред.-сост. |
| Даты |
1947- |
| Расширение инициалов личного имени |
Сергей Львович |
| Код отношения |
Редактор |
| Графика поля |
Кириллица |
| 702 #1 - ИМЯ ЛИЦА - ВТОРИЧНАЯ ОТВЕТСТВЕННОСТЬ |
| Системный номер авторитетной/нормативной записи |
z04790 |
| Начальный элемент ввода |
Шальман |
| Часть имени, кроме начального элемента ввода |
С. М. |
| Дополнения к именам, кроме дат |
сост., ред. |
| Даты |
1945- |
| Расширение инициалов личного имени |
Савелий Маркович |
| Код отношения |
Редактор |
| Графика поля |
Кириллица |
| 790 #1 - ИМЯ ЛИЦА - АЛЬТЕРНАТИВНАЯ ФОРМА |
| Системный номер авторитетной/нормативной записи |
z04702 |
| Начальный элемент ввода |
Shalman |
| Часть имени, кроме начального элемента ввода |
S. |
| Даты |
1945- |
| Расширение инициалов личного имени |
Savelij |
| Код отношения |
Редактор |
| Графика поля |
Латинская |
| 790 #1 - ИМЯ ЛИЦА - АЛЬТЕРНАТИВНАЯ ФОРМА |
| Системный номер авторитетной/нормативной записи |
z05700 |
| Начальный элемент ввода |
Grinberg |
| Часть имени, кроме начального элемента ввода |
S. |
| Расширение инициалов личного имени |
Sergej |
| Код отношения |
Редактор |
| Графика поля |
Латинская |
| 801 #0 - ИСТОЧНИК ЗАПИСИ |
| Страна |
Российская Федерация |
| Организация |
NLR |
| Дата составления |
20170606 |
| Правила каталогизации |
PSBO |
| 801 #1 - ИСТОЧНИК ЗАПИСИ |
| Страна |
Российская Федерация |
| Организация |
NLR |
| Дата составления |
20170606 |
| Источник данных |
rusmarc |
| 801 #2 - ИСТОЧНИК ЗАПИСИ |
| Страна |
Российская Федерация |
| Организация |
NLR |
| Дата составления |
20180926 |
| 852 ## - МЕСТОНАХОЖДЕНИЕ И ШИФР ХРАНЕНИЯ |
| Идентификатор организации |
NLR |
| Наименование фонда или коллекции (Sub-Location Identifier) |
М |
| Шифр хранения (Call Number) |
К-3/28423 |
| Страна |
|
| Номер экземпляра |
1 |
| 942 ## - ДОПОЛНИТЕЛЬНЫЕ ЭЛЕМЕНТЫ ЗАПИСИ (АБИС) |
| Тип экземпляра АБИС |
Ноты |
| 980 ## - КОЛЛЕКЦИЯ |
| Название коллекции |
Национальная библиография |
| 980 ## - КОЛЛЕКЦИЯ |
| Название коллекции |
Отдел нот и звукозаписей |